• 首页
  • 本馆介绍
  • 公告通知
  • 最新文献
  • 馆藏检索
  • 电子资源
  • 读者导购
  • 参考咨询
  • 我的图书馆
  • 登录
  • 详细信息显示
  • 放入我的书架
  • 预约/预借图书
  • 作者相关作品
  • 分类相关作品
  • 丛书相关作品
  • 出版社相关作品

书目信息

  • 表格格式
  • 工作单格式
  • 卡片格式
题名:
云南写生集
    
 
作者: ;云南人民出版社 编
分册: 第一集  
出版信息: 昆明   云南人民出版社  1978
页数: 43幅
开本: 26cm
丛书名:
单 册:
中图分类: J212.1
科图分类:
主题词: 写生画--中国--现代--画册 , 中国画--技法(美术)
电子资源:
ISBN:
000 00678nam0 2200229 45
001 0178005182
005 20060818164057.01
010    @dCNY1.70
091    @aCN@b8116.770
100    @a19950721d1978 em y0chiy0121 ea
101 0  @achi
102    @aCN@b530000
105    @aa z 000yy
200 10 @a云南写生集@Ayun nan xie sheng ji@h第一集@f云南人民出版社编@Fyun nan ren min chu ban she bian
210    @a昆明@c云南人民出版社@d1978
215    @a43幅@d26cm
606    @a写生画@y中国@z现代@x画册
606 0  @a中国画@x技法(美术)
690    @aJ212.1@v4
711  0 @a云南人民出版社@Ayun nan ren min chu ban she@4编
801  0 @aCN@bTSSF@c20060818
905    @a10447@dJ212.1@e19
    
    云南写生集.第一集/云南人民出版社编.-昆明:云南人民出版社,1978
    43幅;26cm
    
    
    ISBN :CNY1.70
    
●
相关链接 在E读中查询图书 在五车中查询图书 在当当中查询图书 在豆瓣中查询图书


正题名:云南写生集     索取号:J212.1/19         预约/预借

序号 登录号 条形码 馆藏地/架位号 状态 备注
1 0010434   202238818   密集书库/ [索取号:J212.1/19] 在馆    
2 0466641   204666414   密集书库/ [索取号:J212.1/19] 在馆    
唐山师范学院图书馆 欢迎您!
大连网信软件有限公司© 版权所有